U.S. Cities With an Interstate Ring Road - Statistics

General Stats
  • This quiz has been taken 214 times
  • The average score is 13 of 18
Answer Stats
Interstate(s) City % Correct
I-610 Houston
91%
I-285 Atlanta
87%
I-65/I-40/I-24 Nashville
86%
I-465 Indianapolis
83%
I-495 Washington D.C.
83%
I-695 Baltimore
80%
I-494/I-694 Minneapolis
79%
I-270/I-255 St. Louis
79%
I-485 Charlotte
76%
I-435 Kansas City
74%
I-410 San Antonio
74%
I-295 Jacksonville
72%
I-270 Columbus
70%
I-275 Cincinnati
67%
I-40/I-440 Raleigh
66%
I-64/I-664 Hampton Roads
54%
I-10/Loop 375 El Paso
47%
I-20/I-820 Fort Worth
47%
No matching quizzes found
Score Distribution
Percent of People with Each Score
Percentile by Number Answered
Your Score History
You have not taken this quiz